000 00822cad a22002055a 4500
001 E151400
008 101101e20101008xxk 000 0 eng d
035 _a(Sirsi) u151400
041 0 _aeng
100 1 _aThorpe, Caroline
245 0 0 _aIn the frame
_h[electronic resource]
260 _c2010
490 _aInside Housing
_v8 October 2010
520 _aDiscusses the safety and suitability of timber frame construction in social housing. Highlights fires which have taken place in such properties and looks at ways of minimising the risks.
590 _aKA
651 4 _aUnited Kingdom
_y
690 _aBUILT ENVIRONMENT-BUILDING MATERIALS-TIMBER
856 4 0 _uhttps://www.insidehousing.co.uk/analysis/in-depth/in-the-frame/6511990.article
_zView the article free of charge at www.insidehousing.co.uk
942 _n0
999 _c82790
_d82790